00286nam a2200097Ia 4500001000800000005001700008008004100025020001800066245008200084260002200166126285020260417141837.0260417s9999 xx 000 0 und d a9789754739299 0aHz. Talha bin Ubeydullah - Peygamberimiz'in İzinde 40 Sahabi/5cMithat Eser bBeyan Yayınları